Statistics for 5 Most Populous Cities by Country 2

Click here to take the quiz!

General Stats

  • This quiz has been taken 14 times
  • The average score is 181 of 486

Answer Stats

CountryPopulationCity% Correct
Malaysia8,087,775Kuala Lumpur
100%
Luxembourg187,209Luxembourg
100%
Maldives137,238Malé
100%
Mexico8,843,706Mexico City
100%
Libya1,293,016Tripoli
100%
Liechtenstein5,747Vaduz
100%
Lithuania592,156Vilnius
100%
United Arab Emirates1,202,756Abu Dhabi
92%
Netherlands1,114,745Amsterdam
92%
Turkey5,186,002Ankara
92%
New Zealand1,440,300Auckland
92%
Thailand5,666,264Bangkok
92%
Montenegro15,868Bar
92%
Spain1,655,956Barcelona
92%
Norway291,940Bergen
92%
Switzerland134,506Bern
92%
United Kingdom1,121,408Birmingham
92%
Slovakia476,922Bratislava
92%
Romania1,716,961Bucharest
92%
South Africa4,004,793Cape Town
92%
Morocco3,640,000Casablanca
92%
Sri Lanka640,000Colombo
92%
Senegal2,646,503Dakar
92%
Tanzania5,383,728Dar es Salaam
92%
Qatar872,048Doha
92%
United Arab Emirates3,291,166Dubai
92%
Sweden655,429Gothenburg
92%
Turkey15,244,936Istanbul
92%
Turkey2,948,160Izmir
92%
South Africa9,167,045Johannesburg
92%
Togo94,878Kara
92%
Pakistan14,844,402Karachi
92%
Sudan1,974,647Khartoum
92%
Poland800,653Kraków
92%
Ukraine2,952,301Kyiv
92%
Nigeria8,048,430Lagos
92%
Peru11,166,200Lima
92%
Portugal545,796Lisbon
92%
United Kingdom506,552Liverpool
92%
United Kingdom8,776,535London
92%
Spain3,340,176Madrid
92%
Sweden325,069Malmö
92%
Philippines25,439,818Manila
92%
Saudi Arabia2,385,509Mecca
92%
Somalia1,650,227Mogadishu
92%
Uruguay1,319,108Montevideo
92%
Russia13,010,112Moscow
92%
Norway717,710Oslo
92%
Panama1,132,969Panama City
92%
Portugal231,800Porto
92%
Trinidad and Tobago37,074Port of Spain
92%
South Africa2,437,000Pretoria
92%
Saudi Arabia6,924,256Riyadh
92%
Russia5,601,911Saint Petersburg
92%
San Marino4,107San Marino
92%
São Tomé and Principe66,888São Tomé
92%
South Korea9,586,195Seoul
92%
Spain684,164Seville
92%
Sweden1,767,108Stockholm
92%
Taiwan2,594,581Taipei
92%
Mongolia1,466,431Ulaanbaatar
92%
Venezuela1,585,500Valencia
92%
Spain804,121Valencia
92%
Seychelles29,664Victoria
92%
Poland1,860,281Warsaw
92%
New Zealand212,000Wellington
92%
Switzerland427,721Zürich
92%
Madagascar1,274,225Antananarivo
85%
Turkmenistan1,030,063Ashgabat
85%
Paraguay512,112Asunción
85%
Mali4,227,569Bamako
85%
Serbia1,197,714Belgrade
85%
Republic of the Congo1,696,000Brazzaville
85%
South Korea3,349,016Busan
85%
Venezuela2,087,700Caracas
85%
Moldova532,513Chișinău
85%
New Zealand377,900Christchurch
85%
Syria2,584,771Damascus
85%
Tanzania765,179Dodoma
85%
Sierra Leone609,174Freetown
85%
Switzerland203,840Geneva
85%
United Kingdom631,690Glasgow
85%
Vietnam3,605,364Hanoi
85%
Zimbabwe1,491,740Harare
85%
Vietnam7,004,921Ho Chi Minh City
85%
Saudi Arabia3,712,917Jeddah
85%
South Sudan479,359Juba
85%
Uganda1,680,600Kampala
85%
Nepal862,400Kathmandu
85%
Ukraine1,421,125Kharkiv
85%
Rwanda1,517,168Kigali
85%
Pakistan11,119,985Lahore
85%
United Kingdom536,321Leeds
85%
Malawi1,162,500Lilongwe
85%
Nicaragua1,055,111Managua
85%
Oman797,000Muscat
85%
Myanmar333,506Naypyidaw
85%
Niger978,029Niamey
85%
Ukraine1,010,537Odessa
85%
Montenegro173,024Podgorica
85%
Papua New Guinea364,125Port Moresby
85%
Netherlands829,875Rotterdam
85%
Yemen2,545,000Sana'a
85%
North Macedonia422,540Skopje
85%
Uzbekistan2,956,384Tashkent
85%
Netherlands803,835The Hague
85%
Tunisia599,368Tunis
85%
Vatican City453Vatican City
85%
Namibia325,858Windhoek
85%
Myanmar4,728,524Yangon
85%
Syria2,098,000Aleppo
77%
Samoa35,974Apia
77%
Switzerland173,552Basel
77%
Libya750,000Benghazi
77%
Ukraine901,645Donetsk
77%
Tajikistan1,201,800Dushanbe
77%
Morocco1,233,000Fez
77%
Tuvalu6,320Funafuti
77%
South Africa1,263,051Gqeberha
77%
Nigeria2,828,861Kano
77%
Slovenia284,293Ljubljana
77%
Togo1,477,658Lomé
77%
United States of America3,822,238Los Angeles
77%
Zambia2,204,059Lusaka
77%
Mozambique1,080,277Maputo
77%
Saudi Arabia1,411,599Medina
77%
United States of America8,335,897New York City
77%
Mauritania958,399Nouakchott
77%
Serbia260,438Novi Sad
77%
Suriname240,924Paramaribo
77%
Mauritius145,793Port-Louis
77%
Mexico1,542,232Puebla
77%
North Korea2,521,785Pyongyang
77%
Morocco1,159,000Tangier
77%
Mexico1,810,645Tijuana
77%
Poland672,929Wrocław
77%
Nauru1,100Yaren
77%
Russia1,544,376Yekaterinburg
77%
Yemen1,079,670Aden
69%
Nigeria1,147,188Benin City
69%
Malawi871,800Blantyre
69%
Saint Lucia22,111Castries
69%
Philippines2,565,158Cebu
69%
Romania286,598Cluj-Napoca
69%
Romania263,688Constanța
69%
Vietnam988,561Da Nang
69%
South Africa3,661,911Durban
69%
Solomon Islands130,176Honiara
69%
United States of America2,302,878Houston
69%
Nigeria2,559,853Ibadan
69%
South Korea2,945,454Incheon
69%
Russia1,308,660Kazan
69%
Switzerland141,418Lausanne
69%
Poland670,642Łódź
69%
Marshall Islands27,797Majuro
69%
Myanmar1,225,546Mandalay
69%
Venezuela2,262,600Maracaibo
69%
Taiwan4,365,947New Taipei
69%
Russia1,633,595Novosibirsk
69%
Tonga21,185Nuku'alofa
69%
Nigeria1,005,904Port Harcourt
69%
Sudan489,724Port Sudan
69%
Vanuatu49,528Port Vila
69%
Saint Kitts and Nevis12,920Basseterre
62%
Turkey1,051,464Bursa
62%
United States of America2,665,039Chicago
62%
South Korea2,414,700Daegu
62%
Saudi Arabia1,386,166Dammam
62%
Ukraine968,502Dnipro
62%
Netherlands298,795Eindhoven
62%
Nicaragua177,270León
62%
Mexico1,579,803León
62%
Morocco998,000Marrakech
62%
Poland546,859Poznań
62%
Pakistan2,097,824Rawalpindi
62%
Uzbekistan572,835Samarkand
62%
Tunisia286,636Sfax
62%
Norway214,565Trondheim
62%
Philippines1,579,381Davao
54%
Pakistan3,210,985Faisalabad
54%
Saint Vincent and the Grenadines1,680Georgetown
54%
Malaysia1,610,378George Town
54%
Romania271,692Iași
54%
Malaysia1,994,365Johor Bahru
54%
Taiwan2,734,275Kaohsiung
54%
Lithuania304,210Kaunas
54%
Lithuania159,403Klaipėda
54%
Palau9,564Koror
54%
Slovakia226,212Košice
54%
Monaco8,259Monte-Carlo
54%
Sudan2,395,013Omdurman
54%
United States of America1,644,409Phoenix
54%
Romania250,849Timișoara
54%
Sweden168,760Uppsala
54%
Mauritius105,688Vacoas/Phoenix
54%
Spain683,949Zaragoza
54%
Sierra Leone223,075Bo
46%
Vietnam841,520Haiphong
46%
Somalia741,000Hargeisa
46%
Syria775,404Homs
46%
Saint Vincent and the Grenadines26,721Kingstown
46%
Papua New Guinea148,934Lae
46%
Slovenia96,302Maribor
46%
Serbia178,976Niš
46%
Republic of the Congo1,379,368Pointe-Noire
46%
Tunisia250,540Sousse
46%
Norway149,048Stavanger
46%
Taiwan3,033,840Taichung
46%
Moldova133,807Tiraspol
46%
Netherlands382,520Utrecht
46%
Tanzania709,809Zanzibar
46%
Malta25,807Birkirkara
38%
Panama159,157Colón
38%
Sudan1,012,211Khartoum North
38%
Liechtenstein6,027Schaan
38%
United Arab Emirates1,274,749Sharjah
38%
Turkmenistan256,000Turkmenabat
38%
Namibia62,096Walvis Bay
38%
Turkey1,779,463Adana
31%
United Arab Emirates496,204Al Ain
31%
Philippines1,598,955Angeles
31%
Portugal146,543Braga
31%
Zimbabwe665,940Bulawayo
31%
Mongolia102,141Erdenet
31%
Luxembourg95,857Esch-sur-Alzette
31%
Saint Kitts and Nevis2,460Saint Paul's
31%
Morocco1,048,000Salé
31%
San Marino11,180Serravalle
31%
Lithuania110,463Šiauliai
31%
Malta32,042St. Paul's Bay
31%
Peru1,125,400Arequipa
23%
Liechtenstein4,662Balzers
23%
Tunisia154,300Bizerte
23%
Mexico1,643,623Ecatepec
23%
North Korea703,610Hamhung
23%
Malaysia845,003Ipoh
23%
Slovenia25,913Koper
23%
Mongolia42,423Mörön
23%
Tanzania1,104,521Mwanza
23%
Thailand254,375Nonthaburi
23%
Uruguay104,011Salto
23%
Yemen940,600Taiz
23%
Liechtenstein5,380Triesen
23%
Peru1,025,100Trujillo
23%
Sweden128,660Västerås
23%
Portugal188,421Vila Nova de Gaia
23%
South Sudan215,031Wau
23%
Moldova97,930Bălți
15%
Venezuela1,089,100Barquisimeto
15%
Mozambique592,090Beira
15%
Slovenia37,122Celje
15%
Mongolia47,153Choibalsan
15%
Paraguay222,274Ciudad del Este
15%
South Korea1,488,435Daejeon
15%
Mongolia84,429Darkhan
15%
Luxembourg29,536Differdange
15%
Luxembourg21,953Dudelange
15%
Pakistan2,028,421Gujranwala
15%
New Zealand179,900Hamilton
15%
Malaysia686,604Kota Kinabalu
15%
Syria709,000Latakia
15%
Malta23,482Mosta
15%
Montenegro54,394Nikšić
15%
Mauritania118,167Nouadhibou
15%
Malta19,655Sliema
15%
New Zealand158,300Tauranga
15%
Senegal317,763Thiès
15%
Senegal753,315Touba
15%
North Korea328,467Wonsan
15%
Niger235,605Zinder
15%
Niger110,497Agadez
8%
United Arab Emirates519,000Ajman
8%
Portugal171,454Amadora
8%
Tanzania617,631Arusha
8%
Turkmenistan139,000Balkanabat
8%
Vietnam830,829Bien Hoa
8%
North Macedonia69,287Bitola
8%
Montenegro20,168Budva
8%
Trinidad and Tobago83,489Chaguanas
8%
Venezuela893,400Ciudad Guayana
8%
Panama103,915David
8%
San Marino3,583Domagnano
8%
Liechtenstein4,601Eschen
8%
Syria966,000Hama
8%
Zambia299,206Kabwe
8%
Senegal233,708Kaolack
8%
Sierra Leone255,110Kenema
8%
Somalia358,000Kismayo
8%
Zambia625,000Kitwe
8%
Slovenia37,605Kranj
8%
North Macedonia75,051Kumanovo
8%
Suriname18,663Lelydorp
8%
Vanuatu18,062Luganville
8%
Sierra Leone85,116Makeni
8%
Niger267,249Maradi
8%
Turkmenistan159,000Mary
8%
Mozambique1,032,197Matola
8%
Libya360,000Misrata
8%
Papua New Guinea29,765Mount Hagen
8%
Zimbabwe224,802Mutare
8%
Malawi273,000Mzuzu
8%
Zambia624,579Ndola
8%
Slovakia76,951Nitra
8%
Uzbekistan334,557Nukus
8%
Thailand190,272Pak Kret
8%
Uruguay76,412Paysandú
8%
Nepal513,504Pokhara
8%
Malta18,099Qormi
8%
Oman293,962Salalah
8%
Trinidad and Tobago48,838San Fernando
8%
Serbia88,752Subotica
8%
Namibia44,725Swakopmund
8%
North Macedonia63,176Tetovo
8%
Slovakia81,219Žilina
8%
Malawi116,800Zomba
8%
Palau2,020Airai
0%
Nauru1,258Aiwo
0%
Tuvalu1,309Alapi
0%
Samoa3,810Aleisa Sasae
0%
Yemen734,699Al-Hudaydah
0%
São Tomé and Principe3,923Almas
0%
Qatar799,933Al Rayyan
0%
Qatar94,272Al-Wakrah
0%
Qatar134,481Al-Wukair
0%
Uzbekistan468,055Andijan
0%
Seychelles6,555Anse Étoile
0%
Madagascar246,354Antsirabe
0%
Nauru2,381Arijejen
0%
Trinidad and Tobago33,606Arima
0%
Togo69,261Atakpamé
0%
Seychelles5,974Au Cap
0%
Solomon Islands7,020Auki
0%
Saint Lucia5,138Babonneau
0%
Norway130,921Bærum
0%
Myanmar254,424Bago
0%
Saint Vincent and the Grenadines1,000Barrouallie
0%
Oman362,523Bawshar
0%
Mauritius103,452Beau-Bassin/Rose-Hill
0%
Somalia374,000Berbera
0%
Saint Lucia7,119Bexon
0%
Nepal369,268Bharatpur
0%
Saint Vincent and the Grenadines1,050Biabou
0%
Nepal272,382Birgunj
0%
Tajikistan126,700Bokhtar
0%
San Marino6,955Borgo Maggiore
0%
Saint Vincent and the Grenadines1,365Byera Village
0%
Philippines827,697Cagayan de Oro
0%
Paraguay154,274Capiatá
0%
Seychelles7,263Cascade
0%
Singapore922,580Central Region
0%
Thailand143,024Chaophraya Surasak
0%
Peru663,200Chiclayo
0%
Mozambique363,336Chimoio
0%
Zambia255,000Chingola
0%
Zimbabwe371,244Chitungwiza
0%
North Korea614,892Chongjin
0%
Saint Lucia3,577Ciceron
0%
Uruguay95,176Ciudad de la Costa
0%
Nicaragua130,357Ciudad Sandino
0%
Monaco5,141Condamine
0%
Mauritius78,256Curepipe
0%
Marshall Islands5,809Darrit
0%
Turkmenistan210,000Daşoguz
0%
Sri Lanka184,468Dehiwala-Mount Lavinia
0%
Marshall Islands6,321Delap
0%
Suriname26,161De Nieuwe Grond
0%
Nauru1,804Denigomodu
0%
Saint Lucia3,051Dennery
0%
Republic of the Congo117,920Dolisie
0%
Singapore685,940East Region
0%
Marshall Islands8,416Ebeye
0%
Zimbabwe206,365Epworth
0%
Tuvalu1,327Fakaifou
0%
Samoa4,431Faleasiu
0%
Saint Kitts and Nevis2,922Fig Tree
0%
Madagascar191,776Finrantsoa
0%
San Marino2,614Fiorentino
0%
Monaco4,420Fontvielle
0%
Maldives9,177Fuvahmulah
0%
Rwanda252,090Gisenyi
0%
Thailand156,802Hat Yai
0%
Tonga3,473Haveluloto
0%
Maldives13,759Hithadhoo
0%
Suriname15,656Houttuin
0%
Maldives65,714Hulhumalé
0%
Yemen771,500Ibb
0%
Republic of the Congo40,654Impfondo
0%
Vanuatu1,437Isangel
0%
Tajikistan64,300Istaravshan
0%
Monaco5,117Jardin Exotique
0%
Sri Lanka281,282Kaduwela
0%
Mauritania45,539Kaédi
0%
Tunisia153,900Kairouan
0%
Rwanda66,151Kamuhanda/Ruyenzi
0%
Malawi61,609Karonga
0%
Mali126,319Kayes
0%
Sri Lanka185,122Kesbewa
0%
Tajikistan198,700Khujand
0%
Mauritania50,206Kiffa
0%
Uganda462,900Kira
0%
Palau454Kloulklubed
0%
Suriname27,713Koewarasan
0%
Sierra Leone196,418Koidu
0%
Mali141,444Koutiala
0%
Togo75,084Kpalimé
0%
Serbia146,315Kragujevac
0%
Maldives10,131Kulhudhuffushi
0%
Tajikistan105,800Kulob
0%
Uganda285,400Kyengera
0%
Panama205,959La Chorrera
0%
Nepal294,098Lalitpur
0%
Monaco7,087La Rousse
0%
Uruguay71,258Las Piedras
0%
Tuvalu894Lofeagai
0%
Paraguay170,986Luque
0%
Papua New Guinea35,971Madang
0%
Madagascar246,022Mahajanga
0%
Sri Lanka196,423Maharagama
0%
Uganda413,400Makindye Ssabagabo
0%
South Sudan181,498Malakal
0%
Solomon Islands15,560Malango
0%
Saint Kitts and Nevis2,568Market Shop
0%
Nicaragua140,721Masaya
0%
Oman230,881Matrah
0%
Mauritania47,725Mbera
0%
Senegal232,777Mbour
0%
Nauru1,797Meneng
0%
Somalia499,000Merca
0%
Palau1,631Meyuns
0%
Saint Kitts and Nevis2,332Middle Island
0%
Rwanda82,797Muhanga
0%
Uzbekistan678,154Namangan
0%
Mozambique663,212Nampula
0%
Uganda532,800Nansana
0%
Tonga3,825Neiafu
0%
São Tomé and Principe8,391Neves
0%
Palau630Ngetkib
0%
Republic of the Congo100,783Nkayi
0%
Solomon Islands7,204Noro
0%
Vanuatu2,998Norsup
0%
Singapore930,860North-East Region
0%
Singapore582,330North Region
0%
Sudan565,734Nyala
0%
Namibia36,541Oshakati
0%
Lithuania86,606Panevėžys
0%
Seychelles6,409Perseverance
0%
Luxembourg31,578Pétange
0%
Peru547,100Piura
0%
Montenegro16,149Pljevlja
0%
Vanuatu1,951Port-Olry
0%
Slovakia82,927Prešov
0%
North Macedonia63,308Prilep
0%
Mauritius77,084Quatre-Bornes
0%
Marshall Islands4,653Rairok
0%
Moldova47,949Rîbniţa
0%
Rwanda153,368Ruhengeri
0%
Namibia63,431Rundu
0%
Trinidad and Tobago20,710Sangre Grande
0%
Paraguay204,356San Lorenzo
0%
São Tomé and Principe7,445Santana
0%
Oman470,818Seeb
0%
Mali133,501Ségou
0%
Tuvalu1,122Senala
0%
Mali226,618Sikasso
0%
North Korea334,031Sinujiu
0%
Samoa3,567Siusega
0%
Togo95,070Sokodé
0%
Niger117,826Tahoua
0%
Solomon Islands24,592Tandai
0%
Taiwan2,441,064Taoyuan
0%
Myanmar264,804Taunggyi
0%
Moldova91,882Tighina
0%
Nicaragua150,597Titipapa
0%
Madagascar325,857Toamasina
0%
Tonga3,467Tofoa-Koloua
0%
São Tomé and Principe6,685Trindade
0%
Qatar313,754Umm Salal Muhammad
0%
Tonga3,295Vaini
0%
Samoa8,224Vaitele
0%
Panama128,973Vista Alegre
0%
Singapore922,540West Region
0%
Papua New Guinea37,825Wewak
0%
South Sudan197,603Yambio
0%
South Sudan69,720Yei
0%
Libya141,653Zawiya
0%
Libya166,350Zliten
0%

Score Distribution

Percentile by Number Answered

Percent of People with Each Score

Your Score History

You have not taken this quiz